Archivística general : teoría y práctica / Antonia Heredia Herrera teoría y práctica / Antonia Heredia Herrera
ISBN:
84-505-4784-9
Descripción Física:
XX, 389 p. ; 21 cm
MARC
| LEADER | 00000nam a2200000Ia 4500 | ||
|---|---|---|---|
| 001 | 6679 | ||
| 008 | 160829s1986 xx 000 0 cat d | ||
| 020 | |a 84-505-4784-9 | ||
| 080 | |a A-1-203 | ||
| 100 | 1 | |a Heredia Herrera, Antonia, |d 1934- |9 34054 | |
| 245 | |a Archivística general : |b teoría y práctica / Antonia Heredia Herrera | ||
| 260 | |a Sevilla : |b Servicio de Publicaciones de la Diputación de Sevilla, |c 1986 | ||
| 300 | |a XX, 389 p. ; |c 21 cm | ||
| 590 | |a Bibliografia. | ||
| 590 | |a Índex | ||
| 650 | |a Arxius |9 32990 | ||
| 650 | |a Arxivística |9 36557 | ||
| 710 | 1 | |a Sevilla (Andalusia : Província). |b Diputación |9 56534 | |
| 901 | |a Arxiu | ||
| 942 | |n 1 | ||
| 952 | |0 0 |1 0 |4 0 |6 A1203 |7 1 |9 46367 |a Arxiu |b Arxiu |d 2016-12-01 |l 0 |o A-1-203 |p 6679 |r 2016-12-01 00:00:00 |w 2016-12-01 |y ARXIU | ||
| 999 | |c 50152 |d 50152 | ||